|
|
|
|
| LEADER |
01390nam a2200373 a 4500 |
| 001 |
EBC1741606 |
| 003 |
MiAaPQ |
| 005 |
20200520144314.0 |
| 006 |
m o d | |
| 007 |
cr cn||||||||| |
| 008 |
130207s2005 enka sb 000 0 eng d |
| 020 |
|
|
|z 1874719918
|
| 020 |
|
|
|z 9781874719915
|
| 020 |
|
|
|a 9781909493544 (electronic bk.)
|
| 035 |
|
|
|a (MiAaPQ)EBC1741606
|
| 035 |
|
|
|a (Au-PeEL)EBL1741606
|
| 035 |
|
|
|a (CaPaEBR)ebr10650137
|
| 035 |
|
|
|a (OCoLC)607741250
|
| 040 |
|
|
|a MiAaPQ
|c MiAaPQ
|d MiAaPQ
|
| 050 |
|
4 |
|a HM656
|b .A26 2005
|
| 082 |
0 |
4 |
|a 304.237
|2 23
|
| 245 |
0 |
0 |
|a About time
|h [electronic resource] :
|b speed, society, people and the environment /
|c edited by Tim Aldrich ; including contributions from Will Hutton ... [et al.].
|
| 260 |
|
|
|a Sheffield :
|b Greenleaf Pub.,
|c 2005.
|
| 300 |
|
|
|a 160 p. :
|b ill.
|
| 504 |
|
|
|a Includes bibliographical references.
|
| 533 |
|
|
|a Electronic reproduction. Ann Arbor, MI : ProQuest, 2015. Available via World Wide Web. Access may be limited to ProQuest affiliated libraries.
|
| 650 |
|
0 |
|a Time
|x Sociological aspects.
|
| 650 |
|
0 |
|a Civilization, Modern
|y 1950-
|
| 650 |
|
0 |
|a Sustainable development.
|
| 655 |
|
4 |
|a Electronic books.
|
| 700 |
1 |
|
|a Aldrich, Tim E.
|
| 700 |
1 |
|
|a Hutton, Will.
|
| 710 |
2 |
|
|a ProQuest (Firm)
|
| 856 |
4 |
0 |
|u https://ebookcentral.proquest.com/lib/matrademy/detail.action?docID=1741606
|z Click to View
|